| Tag |
First Indicator |
Second Indicator |
Subfields |
| LEADER |
00000cam a22000008a 4500 |
| 001 |
in00001223713 |
| 005 |
20160104122158.0 |
| 008 |
940401s1994 nyub b 001 0 eng |
| 010 |
|
|
|a 94011240
|
| 020 |
|
|
|a 0231100248 (acid-free paper)
|
| 035 |
|
|
|a (OCoLC)30155409
|
| 035 |
|
|
|9 AGQ5981AM
|
| 040 |
|
|
|a DLC
|c DLC
|d IXA
|d TXA
|d UtOrBLW
|
| 043 |
|
|
|a a-kr---
|a a-cc---
|
| 049 |
|
|
|a TXAM
|
| 050 |
0 |
0 |
|a DS919.5
|b .C4513 1994
|
| 082 |
0 |
0 |
|a 951.904/2
|2 20
|
| 100 |
1 |
|
|a Chen, Jian.
|
| 245 |
1 |
0 |
|a China's road to the Korean War :
|b the making of the Sino-American confrontation /
|c Chen Jian.
|
| 263 |
|
|
|a 9410
|
| 264 |
|
1 |
|a New York :
|b Columbia University Press,
|c [1994]
|
| 264 |
|
4 |
|c ©1994
|
| 300 |
|
|
|a xii, 339 pages :
|b maps ;
|c 24 cm.
|
| 336 |
|
|
|a text
|b txt
|2 rdacontent
|
| 337 |
|
|
|a unmediated
|b n
|2 rdamedia
|
| 338 |
|
|
|a volume
|b nc
|2 rdacarrier
|
| 490 |
1 |
|
|a U.S. and Pacific Asia--studies in social, economic, and political interaction
|
| 500 |
|
|
|a Errata slip inserted.
|
| 504 |
|
|
|a Includes bibliographical references (pages [291]-316) and index.
|
| 650 |
|
0 |
|a Korean War, 1950-1953
|z China.
|
| 830 |
|
0 |
|a U.S. and Pacific Asia.
|
| 999 |
|
|
|a MARS
|
| 999 |
f |
f |
|s 08548a6c-a453-3523-8ea2-8f8fcb5c8a96
|i 1ef4112a-4376-3167-9e46-0fef75be70a8
|t 0
|
| 952 |
f |
f |
|p normal
|a Texas A&M University
|b College Station
|c Sterling C. Evans Library
|d Evans: Library Stacks
|t 0
|e DS919.5 .C4513 1994
|h Library of Congress classification
|i unmediated -- volume
|m A14818891674
|
| 998 |
f |
f |
|a DS919.5 .C4513 1994
|t 0
|l Evans: Library Stacks
|